Comparative economic systems : a decision-making approach /

Saved in:
Bibliographic Details
Main Author: Neuberger, Egon
Other Authors: Duffy, William J., 1941- (joint author.)
Format: Book
Language:English
Published: Boston : Allyn and Bacon, c1976.
Subjects:
LEADER 01417cam a2200361 a 4500
001 c000138445
003 CARM
005 20000929212500.0
008 750509s1976 mau b 001 0 eng
010 |a 75015730 //r98 
019 1 |a 23837244  |z 389635  |5 LACONCORD2021 
020 |a 0205048501 :  |c $12.50 
020 |a 0205048501 
035 |a (OCoLC)1366195  |5 LACONCORD2021 
040 |a LC  |b eng  |c LC  |d LC 
050 4 |a HB90  |b .N48 
050 0 0 |a HB90  |b .N48 
082 0 0 |a 330.1 
082 0 4 |a 330.1 
100 1 |a Neuberger, Egon. 
245 1 0 |a Comparative economic systems :  |b a decision-making approach /  |c Egon Neuberger, William J. Duffy ; with the collaboration of Alan A. Brown, F. Reed Johnson, Joseph A. Licari. 
260 |a Boston :  |b Allyn and Bacon,  |c c1976. 
300 |a vi, 378 p. ;  |c 24 cm. 
504 |a Includes bibliographies and indexes. 
505 0 |a Includes indexes. 
650 0 |a Comparative economics. 
650 0 |a Decision making. 
700 1 |a Duffy, William J.,  |d 1941-,  |e joint author. 
852 8 |b CARM  |h A2:AE29F0  |i C00191  |p 0009412  |f BK 
852 8 |b CARM  |h A1:AL08B0  |i B09920  |p 0455655  |f BK 
999 f f |i 7833e676-675d-56ee-bf3f-0ddbbeb0ecba  |s fa997f45-ba50-5699-a683-c49a94d54abd 
952 f f |p Can circulate  |a CAVAL  |b CAVAL  |c CAVAL  |d CARM 1 Store  |e B09920  |f A1:AL08B0  |h Other scheme  |i book  |m 0455655 
952 f f |p Can circulate  |a CAVAL  |b CAVAL  |c CAVAL  |d CARM 1 Store  |e C00191  |f A2:AE29F0  |h Other scheme  |i book  |m 0009412